El negocio de la droga en Estados Unidos/
Furkejuvvon:
| Váldodahkki: | |
|---|---|
| Materiálatiipa: | Girji |
| Giella: | Spanish |
| Fáddágilkorat: |
Lasit fáddágilkoriid
Eai fáddágilkorat, Lasit vuosttaš fáddágilkora!
|
MARC
| LEADER | 00000nam a22000007a 4500 | ||
|---|---|---|---|
| 003 | cru CIDCACS/IIS | ||
| 005 | 20190124062529.0 | ||
| 007 | ta | ||
| 008 | 190123s2010 mx |||p|r||||||0| ||spa|d | ||
| 999 | |c 42099 |d 42099 | ||
| 040 | |c cru CIDCACS/IIS | ||
| 100 | 1 | |a López Blanch, Hedelberto |9 8270 | |
| 245 | 1 | 3 | |a El negocio de la droga en Estados Unidos/ |c Hedelberto López Blanch |
| 300 | |a páginas 18-19 | ||
| 773 | 0 | |0 42054 |9 2611 |a Centro de Estudios del Movimiento Obrero y Socialista (México) |d México D.F: CEMOS |o 17707 |t Memoria = |x 01861395 | |
| 942 | |2 ddc |c PP | ||
